000 00769na a2200253 4500
001 14424
003 MIRAKIL
005 20181213154847.0
008 161028b tu 000 0
035 _a14424
040 _aMilas
_btur
_cTR-AnCHP
041 _atur
082 _a923.256 Asaf,A.
_b A72b 1982
090 _a923.256 Asaf,A. A72b 1982
100 _aAsaf, Mehmed
245 _a1909 Adana Ermeni olayları ve anılarım
_cMehmed Asaf; yayına hazırlayan: İsmet Parmaksızoğlu
260 _aAnkara
_bTürk Tarih Kurumu Basımevi
_c1982
300 _a87 s.
_c23 sm.
490 _aTürk Tarih Kurumu Yayınları
_v47
600 _aAsaf, Ahmed
_xAnılar
650 _aErmeni sorunu
_d1909
_zAdana
700 _aParmaksızoğlu, İsmet
942 _2ddc
_cBKS
999 _c2158
_d2158